| 000 | 01065nam a22002897a 4500 | ||
|---|---|---|---|
| 001 | BR8004345 | ||
| 003 | BR-BrBNA | ||
| 005 | 20230928090647.0 | ||
| 007 | ta | ||
| 008 | 230509b bl.||||| |||| 00| 0 por d | ||
| 040 |
_aBR-BrBNA _bpor _cBiblioteca Nacional de Agricultura |
||
| 041 | _a(Por) | ||
| 072 |
_aF10 _b/G514 |
||
| 090 | _ F10 BR8004345 | ||
| 100 | 1 | _aLemes, M.A.M. | |
| 100 | 1 | _aMoura, A.D. | |
| 110 | 1 | _aInstituto de Pesquisas Espaciais, Sao Jose dos Campos, SP (Brasil) | |
| 111 | 1 |
_a31. Reuniao Anual da Sociedade Brasileira para o Progresso da Ciencia _cFortaleza, CE (Brazil) _dJul 1979 |
|
| 245 | 1 |
_aPrevisao numerica de tempo e sua perspectiva no Brasil [Previsao meteorologica] _bINPE-1670-RPE/108 |
|
| 260 | 3 |
_aSao Jose dos Campos, SP (Brasil): _c1980. |
|
| 300 | _a39 p. | ||
| 500 | _a11 illus.; Summaries (Eng, Por). (*) Documento disponível na(o) Instituto de Pesquisas Espaciais, Sao Jose dos Campos, SP (Brazil) | ||
| 650 | _aATMOSFERA | ||
| 650 | _aPREVISAO DO TEMPO | ||
| 909 |
_a202309 _bLucia _c55 _dLucia Elande |
||
| 942 | _cBK | ||
| 999 |
_c29888 _d29888 |
||